| 000 | 00465nam a22001577a 4500 | ||
|---|---|---|---|
| 003 | NUST | ||
| 038 | _asaima | ||
| 082 |
_a004 _bMCS |
||
| 100 |
_aSaleem, Ozair _935165 |
||
| 245 | _aMining Universities Relationship Based on Their Combined Research Papers / | ||
| 260 |
_aIslamabad : _bMSC - NUST, _c2013 |
||
| 300 |
_a83 p. ; _c30cm. |
||
| 650 |
_aSoft Engineering-Mining Universities Relationship _935166 |
||
| 700 |
_aDr. Seemab Latif _927094 |
||
| 942 |
_2ddc _cTHE |
||
| 999 |
_c540888 _d540888 |
||